Oracle8i certified professional DBA certification exam guide / (Record no. 132992)

MARC details
000 -LEADER
fixed length control field 00907nam a22002657a 4500
003 - CONTROL NUMBER IDENTIFIER
control field dpl
005 - DATE AND TIME OF LATEST TRANSACTION
control field 20180924161639.0
008 - FIXED-LENGTH DATA ELEMENTS--GENERAL INFORMATION
fixed length control field 180824b xxu||||| |||| 00| 0 eng d
010 ## - LIBRARY OF CONGRESS CONTROL NUMBER
LC control number B-061661
020 ## - INTERNATIONAL STANDARD BOOK NUMBER
Terms of availability 00.00
International Standard Book Number 0070444757
035 ## - SYSTEM CONTROL NUMBER
System control number B-061661, B-061664,B-061639
037 ## - SOURCE OF ACQUISITION
Source of stock number/acquisition Cen Lib/Ret
040 ## - CATALOGING SOURCE
Original cataloging agency DPL
Language of cataloging EN
Transcribing agency 0
082 ## - DEWEY DECIMAL CLASSIFICATION NUMBER
Classification number 005.754
Item number COU
100 ## - MAIN ENTRY--PERSONAL NAME
Personal name Couchman, Jason
9 (RLIN) 36424
245 ## - TITLE STATEMENT
Title Oracle8i certified professional DBA certification exam guide /
Statement of responsibility, etc by Jason Couchman [and] Ulrike Schwinn
260 ## - PUBLICATION, DISTRIBUTION, ETC. (IMPRINT)
Place of publication, distribution, etc New Delhi
Name of publisher, distributor, etc Tata McGraw hill Publishing Company
Date of publication, distribution, etc 2001
270 ## - ADDRESS
Address 7 west patel nagar
City New Delhi
Postal code 110008
300 ## - PHYSICAL DESCRIPTION
Extent xxxvi, 1156p.
Dimensions 23cm(Hb)
500 ## - GENERAL NOTE
General note Includes index and glossary
650 ## - SUBJECT ADDED ENTRY--TOPICAL TERM
Topical term or geographic name as entry element Computer science
9 (RLIN) 36425
650 ## - SUBJECT ADDED ENTRY--TOPICAL TERM
Topical term or geographic name as entry element Programming language (Oracle )
9 (RLIN) 36426
700 ## - ADDED ENTRY--PERSONAL NAME
Personal name Schwinn, Ulrike
9 (RLIN) 36427
942 ## - ADDED ENTRY ELEMENTS (KOHA)
Source of classification or shelving scheme Dewey Decimal Classification
Koha item type English Books
Classification part 005.754
Call number suffix COU
Holdings
Withdrawn status Lost status Damaged status Not for loan Home library Current library Date acquired Source of acquisition Cost, normal purchase price Total Checkouts Full call number Barcode Date last seen Copy number Cost, replacement price Price effective from Koha item type Public note Source of classification or shelving scheme Collection code
Written off       Central Library Central Library 24/07/2015 Cen Lib/Ret 0.00   005.754 COU B-061661 24/07/2015 1 0.00 24/07/2015 English Books Written off on approval by DLB (By Circulation); dtd 15-06-2023    
        Patel Nagar Patel Nagar 15/09/2018 BPPD/PUB 0.00   005.754 COU B-061639 15/09/2018   0.00 15/09/2018 English Books   Dewey Decimal Classification Non-fiction
        Shahdara Branch Shahdara Branch 24/08/2018 BPPD/PUB 0.00   005.754 COU B-061664 24/08/2018   0.00 24/08/2018 English Books   Dewey Decimal Classification Non-fiction

© Delhi Public Library
Hit Counter
free hit counter